00000000cam 2200000zi 4500
0019.961865
003CaOODSP
00520260603161010
006m     o  d f      
007cr cn ||||||||
008260413t20262026onc     ob   f000 0 eng d
020 |a9780660995199
040 |aCaOODSP|beng|erda|cCaOODSP
043 |an-cn---
0861 |aBT48-61/2026E-PDF
24500|aGuide on departmental AI responsibilities.
2463 |aGuide on departmental artificial intelligence responsibilities
264 1|aOttawa, Ontario : |bTreasury Board of Canada Secretariat = Secrétariat du Conseil du trésor du Canada, |c2026.
264 4|c©2026
300 |a1 online resource (10 pages)
336 |atext|btxt|2rdacontent
337 |acomputer|bc|2rdamedia
338 |aonline resource|bcr|2rdacarrier
500 |aIssued also in French under title: Guide sur les responsabilités ministérielles en matière d'IA.
500 |a"Published: 2026-01-19."
504 |aIncludes bibliographical references (page 9).
650 0|aArtificial intelligence|xGovernment policy|zCanada.
7101 |aCanada. |bTreasury Board, |eissuing body.
77508|tGuide sur les responsabilités ministérielles en matière d'IA.|w(CaOODSP)9.961864
85640|qPDF|s864 KB|uhttps://publications.gc.ca/collections/collection_2026/sct-tbs/BT48-61-2026-eng.pdf
8564 |qHTML|sN/A|uhttps://www.canada.ca/en/government/system/digital-government/digital-government-innovations/guide-departmental-ai-responsibilities.html